[Event "Mecklenburg VP Verbandsliga 1920"]
[Site "Mecklenburg VP"]
[Date "2020.01.19"]
[Round "5.3"]
[White "Schulz, Daniel1111"]
[Black "Hamann, Dirk"]
[Result "1/2-1/2"]
[WhiteElo "1817"]
[BlackElo "1987"]
[PlyCount "53"]
[EventDate "2019.09.29"]
[EventType "team-tourn"]
[EventRounds "9"]
[EventCountry "GER"]
[SourceTitle "EXT 2023"]
[Source "ChessBase"]
[SourceDate "2022.10.05"]
[SourceVersion "1"]
[SourceVersionDate "2022.10.05"]
[SourceQuality "1"]
[WhiteTeam "Neubrandenburg SG Eintracht"]
[BlackTeam "Rostock Turbine"]
[WhiteTeamCountry "GER"]
[BlackTeamCountry "GER"]

1. e4 Nf6 2. Nc3 e5 3. f4 d5 4. fxe5 Nxe4 5. Nf3 Bg4 6. Qe2 Nxc3 7. dxc3 Nc6 8. Bf4 a6 9. 0-0-0 Bc5 10. h3 Be6 11. g4 0-0 12. Qe1 Ne7 13. Bd3 Ng6 14. Bd2 b5 15. Ng5 Be7 16. Nxe6 fxe6 17. Bxg6 hxg6 18. h4 g5 19. hxg5 Bxg5 20. Rh5 Bxd2+ 21. Qxd2 Qe7 22. Qh2 Kf7 23. Rf1+ Kg6 24. Rg1 Kf7 25. Rf1+ Kg6 26. Rh1 Kf7 27. Rf1+ 1/2-1/2

[Event "Mecklenburg VP VL1819"]
[Site "Mecklenburg VP"]
[Date "2018.12.16"]
[Round "4.3"]
[White "Hamann, Dirk"]
[Black "Schumacher, Ole"]
[Result "0-1"]
[WhiteElo "1880"]
[BlackElo "1835"]
[PlyCount "38"]
[EventDate "2018.10.21"]
[EventType "team-tourn"]
[EventRounds "9"]
[EventCountry "GER"]
[SourceTitle "EXT 2022"]
[Source "ChessBase"]
[SourceDate "2021.10.06"]
[SourceVersion "1"]
[SourceVersionDate "2021.10.06"]
[SourceQuality "1"]
[WhiteTeam "Warnemuende SF Ostsee"]
[BlackTeam "Schwerin SF III"]
[WhiteTeamCountry "GER"]
[BlackTeamCountry "GER"]

1. e4 c5 2. Nf3 d6 3. d4 cxd4 4. Nxd4 Nf6 5. Nc3 a6 6. Bg5 e6 7. Qd2 h6 8. Bh4 Nxe4 9. Nxe4 Qxh4 10. Qd3 d5 11. Nc3 Bc5 12. Nce2 Nc6 13. 0-0-0 Nxd4 14. Nxd4 Qxf2 15. c3 Bxd4 16. cxd4 e5 17. dxe5 Bf5 18. Rd2 Qe1+ 19. Rd1 Rc8+ 0-1

[Event "Mecklenburg VP LL 1617"]
[Site "Mecklenburg VP"]
[Date "2016.11.20"]
[Round "3.4"]
[White "Hamann, Dirk"]
[Black "Nour, Alaa"]
[Result "1-0"]
[WhiteElo "1879"]
[BlackElo "2008"]
[PlyCount "91"]
[EventDate "2016.10.16"]
[EventType "team-tourn"]
[EventRounds "9"]
[EventCountry "GER"]
[SourceTitle "EXT 2022"]
[Source "ChessBase"]
[SourceDate "2021.10.06"]
[SourceVersion "1"]
[SourceVersionDate "2021.10.06"]
[SourceQuality "1"]
[WhiteTeam "Warnemuende SF Ostsee"]
[BlackTeam "Rostock SSC 07 II"]
[WhiteTeamCountry "GER"]
[BlackTeamCountry "GER"]

1. e4 e6 2. d4 d5 3. Nc3 Nf6 4. Bg5 Be7 5. e5 Nfd7 6. h4 f6 7. exf6 Nxf6 8. Nf3 0-0 9. Bd3 Nbd7 10. Qe2 Nb6 11. 0-0-0 c5 12. dxc5 Bxc5 13. h5 h6 14. Bh4 Bd7 15. Ne5 Rc8 16. Nxd7 Qxd7 17. Rhe1 Bb4 18. Qxe6+ Qxe6 19. Rxe6 Bxc3 20. bxc3 Rxc3 21. Bg6 Nbd7 22. Re7 Rd8 23. Rde1 Rf8 24. Bxf6 Nxf6 25. Rxb7 Ne4 26. f3 Nc5 27. Rxa7 Rc8 28. Kd2 Rc4 29. Ree7 Rd4+ 30. Ke1 Na4 31. Rxg7+ Kh8 32. Rh7+ Kg8 33. Rhg7+ Kh8 34. Rge7 Nc3 35. Rh7+ Kg8 36. Rhg7+ Kh8 37. Rh7+ Kg8 38. Rag7+ Kf8 39. Rf7+ Kg8 40. Rxh6 Re8+ 41. Kf2 Re2+ 42. Kg3 Rdd2 43. Rb7 Rxg2+ 44. Kf4 Rxg6 45. Rxg6+ Kh8 46. Kg5 1-0

[Event "Mecklenburg VP VL 1516"]
[Site "Mecklenburg VP"]
[Date "2016.01.17"]
[Round "5.3"]
[White "Luther, Alexander"]
[Black "Hamann, Dirk"]
[Result "1-0"]
[WhiteElo "1961"]
[BlackElo "1911"]
[PlyCount "71"]
[EventDate "2015.09.20"]
[EventType "team-tourn"]
[EventRounds "9"]
[EventCountry "GER"]
[SourceTitle "EXT 2022"]
[Source "ChessBase"]
[SourceDate "2021.10.06"]
[SourceVersion "1"]
[SourceVersionDate "2021.10.06"]
[SourceQuality "1"]
[WhiteTeam "Guestrow/Teterow"]
[BlackTeam "Warnemuende SF Ostsee"]
[WhiteTeamCountry "GER"]
[BlackTeamCountry "GER"]

1. e4 Nf6 2. e5 Nd5 3. d4 d6 4. Nf3 Bg4 5. exd6 Qxd6 6. Nc3 Nxc3 7. bxc3 Nd7 8. Be2 g6 9. 0-0 Bg7 10. h3 h5 11. a4 Bxf3 12. Bxf3 c6 13. Re1 e6 14. Ba3 Qc7 15. Qd3 Nf6 16. Rab1 Bf8 17. c4 0-0-0 18. a5 g5 19. Bxf8 Rdxf8 20. a6 b6 21. d5 g4 22. Be4 Rd8 23. Rb3 Qe5 24. Qc3 Qf4 25. g3 Nxe4 26. gxf4 Nxc3 27. Rxc3 Rh6 28. dxe6 Rxe6 29. Rxe6 fxe6 30. hxg4 hxg4 31. c5 Kc7 32. Re3 Kd7 33. Rd3+ Kc7 34. Rxd8 Kxd8 35. cxb6 axb6 36. a7 1-0

[Event "Mecklenburg VP-ch MT"]
[Site "Rostock"]
[Date "2013.05.09"]
[Round "2.7"]
[White "Helms, Sven"]
[Black "Hamann, Dirk"]
[Result "1-0"]
[WhiteElo "2042"]
[BlackElo "2014"]
[PlyCount "71"]
[EventDate "2013.05.09"]
[EventType "swiss"]
[EventRounds "7"]
[EventCountry "GER"]
[SourceTitle "EXT 2023"]
[Source "ChessBase"]
[SourceDate "2022.10.05"]
[SourceVersion "1"]
[SourceVersionDate "2022.10.05"]
[SourceQuality "1"]

1. d4 Nf6 2. c4 e5 3. dxe5 Ng4 4. Nf3 Bc5 5. e3 Nc6 6. Bd2 Ngxe5 7. Bc3 Qe7 8. Nxe5 Nxe5 9. Be2 0-0 10. Nd2 f5 11. Nf3 Nxf3+ 12. gxf3 Bb4 13. Rc1 a5 14. f4 Ra6 15. c5 Bxc3+ 16. Rxc3 Rh6 17. Bf3 b6 18. cxb6 Rxb6 19. Qd5+ Kh8 20. Qxa5 Rxb2 21. 0-0 c6 22. a4 Qh4 23. Rd3 d5 24. Rd2 Rb8 25. Kh1 Be6 26. Rg1 Qe7 27. Qc3 Rfc8 28. Qe5 Qf7 29. a5 Rb5 30. Qc3 c5 31. Rb2 Rcb8 32. Rgb1 Rxb2 33. Rxb2 Rc8 34. Qe5 c4 35. a6 h6 36. a7 1-0

[Event "Mecklenburg VP VL 1213"]
[Site "Mecklenburg VP"]
[Date "2013.02.24"]
[Round "6.4"]
[White "Hamann, Dirk"]
[Black "Gebert Vangeel, Ralf"]
[Result "1-0"]
[WhiteElo "1884"]
[BlackElo "1873"]
[PlyCount "91"]
[EventDate "2012.10.14"]
[EventType "team-tourn"]
[EventRounds "9"]
[EventCountry "GER"]
[SourceTitle "EXT 2022"]
[Source "ChessBase"]
[SourceDate "2021.10.06"]
[SourceVersion "1"]
[SourceVersionDate "2021.10.06"]
[SourceQuality "1"]
[WhiteTeam "Warnemuende SF Ostsee"]
[BlackTeam "Guestrow/Teterow"]
[WhiteTeamCountry "GER"]
[BlackTeamCountry "GER"]

1. e4 e5 2. Nf3 Nc6 3. c3 d5 4. Qa4 Bd7 5. exd5 Nd4 6. Qd1 Nxf3+ 7. Qxf3 Nf6 8. h3 Bd6 9. d3 h6 10. Nd2 0-0 11. Ne4 Nxe4 12. dxe4 f5 13. Bc4 Qh4 14. g3 Qe7 15. exf5 Bxf5 16. Qe2 Kh8 17. Bd2 b5 18. Bxb5 Rab8 19. b3 Bc5 20. Bc4 a5 21. Be3 Ba3 22. Bd3 Qd6 23. Bxf5 Qxd5 24. 0-0 Rxf5 25. Rad1 Qe4 26. Rd7 Bd6 27. Rxg7 Rbf8 28. Rg4 Qd5 29. Bxh6 R8f7 30. Qe4 Qe6 31. Be3 Rh5 32. h4 Rhf5 33. Rg5 R5f6 34. Qg4 Qxg4 35. Rxg4 Rf3 36. Re4 Rf8 37. Kg2 Kg7 38. g4 Be7 39. g5 Kg6 40. Rxe5 Bd6 41. Re6+ Kh5 42. Rh6+ Kg4 43. Rd1 Be5 44. Rd5 Bg7 45. Rh7 R3f7 46. g6 1-0

[Event "Mecklenburg VP VL 1213"]
[Site "Mecklenburg VP"]
[Date "2013.01.13"]
[Round "5.4"]
[White "Lansky, Georg"]
[Black "Hamann, Dirk"]
[Result "1/2-1/2"]
[WhiteElo "1827"]
[BlackElo "1884"]
[PlyCount "113"]
[EventDate "2012.10.14"]
[EventType "team-tourn"]
[EventRounds "9"]
[EventCountry "GER"]
[SourceTitle "EXT 2022"]
[Source "ChessBase"]
[SourceDate "2021.10.06"]
[SourceVersion "1"]
[SourceVersionDate "2021.10.06"]
[SourceQuality "1"]
[WhiteTeam "Neubrandenburg SG Eintracht"]
[BlackTeam "Warnemuende SF Ostsee"]
[WhiteTeamCountry "GER"]
[BlackTeamCountry "GER"]

1. e4 e5 2. f4 Qf6 3. Nf3 Qxf4 4. Nc3 Bb4 5. g3 Qf6 6. Nd5 Qd6 7. a3 Ba5 8. b4 Bb6 9. Bb2 Nf6 10. Bxe5 Qe6 11. Bc4 Nxd5 12. Bxd5 Qe7 13. Bxg7 Rg8 14. Bb2 c6 15. Bb3 Qxe4+ 16. Qe2 Qxe2+ 17. Kxe2 d5 18. Bd4 Bg4 19. Bxb6 axb6 20. h3 Bxf3+ 21. Kxf3 Kd7 22. Rhe1 Na6 23. c3 Rae8 24. Bc2 h6 25. Bf5+ Kd6 26. d4 Nc7 27. a4 Rxe1 28. Rxe1 Ra8 29. Bc2 Ne6 30. h4 Re8 31. Re5 f6 32. Rf5 Ke7 33. Rh5 Rh8 34. Rf5 Rf8 35. Kg2 Kd6 36. Kh3 Ng7 37. Rf3 Ke7 38. Re3+ Kd7 39. Kg4 h5+ 40. Kf4 Kd6 41. g4 hxg4 42. Kxg4 Rh8 43. Rh3 Rh5 44. Bg6 f5+ 45. Kg3 Rh6 46. h5 Ke6 47. Kh4 Kf6 48. Rh2 Rh8 49. a5 b5 50. Ra2 Ra8 51. Ra1 Ne6 52. Rf1 Ng7 53. Rg1 Rh8 54. Rg5 Rh6 55. Rg1 Rh8 56. Rg2 Ne6 57. Rf2 1/2-1/2

[Event "Mecklenburg VP VL 1213"]
[Site "Mecklenburg VP"]
[Date "2012.10.14"]
[Round "1.3"]
[White "Hamann, Dirk"]
[Black "Junggebauer, Thomas"]
[Result "1/2-1/2"]
[WhiteElo "1884"]
[BlackElo "1883"]
[PlyCount "75"]
[EventDate "2012.10.14"]
[EventType "team-tourn"]
[EventRounds "9"]
[EventCountry "GER"]
[SourceTitle "EXT 2022"]
[Source "ChessBase"]
[SourceDate "2021.10.06"]
[SourceVersion "1"]
[SourceVersionDate "2021.10.06"]
[SourceQuality "1"]
[WhiteTeam "Warnemuende SF Ostsee"]
[BlackTeam "Wismar ASV Gruen-Weiss"]
[WhiteTeamCountry "GER"]
[BlackTeamCountry "GER"]

1. e4 c5 2. Nf3 Nc6 3. d4 cxd4 4. Nxd4 Nf6 5. Nc3 e5 6. Ndb5 d6 7. Bg5 Be7 8. Bd3 a6 9. Na3 b5 10. Bxf6 Bxf6 11. Nd5 Be6 12. Nxf6+ Qxf6 13. 0-0 0-0 14. c4 bxc4 15. Bxc4 Rfd8 16. Rc1 Nd4 17. Qd3 d5 18. Bxd5 Bxd5 19. exd5 Rxd5 20. Rfe1 Rad8 21. Qe4 Qg5 22. h4 Qe7 23. g3 f5 24. Qe3 Qf6 25. Rc3 e4 26. Rec1 Nf3+ 27. Kg2 Qg6 28. Qf4 h6 29. Rc6 Qe8 30. Rxa6 Rd1 31. Rxd1 Rxd1 32. Qxf5 Rg1+ 33. Kh3 Rh1+ 34. Kg2 Rh2+ 35. Kf1 Rh1+ 36. Kg2 Rg1+ 37. Kh3 Rh1+ 38. Kg2 1/2-1/2

[Event "Mecklenburg VP VL 1112"]
[Site "Mecklenburg VP"]
[Date "2012.03.04"]
[Round "6.5"]
[White "Hamann, Dirk"]
[Black "Engel, Gunnar"]
[Result "1/2-1/2"]
[WhiteElo "1900"]
[BlackElo "2000"]
[PlyCount "75"]
[EventDate "2011.10.02"]
[EventType "team-tourn"]
[EventRounds "9"]
[EventCountry "GER"]
[SourceTitle "EXT 2022"]
[Source "ChessBase"]
[SourceDate "2021.10.06"]
[SourceVersion "1"]
[SourceVersionDate "2021.10.06"]
[SourceQuality "1"]
[WhiteTeam "Warnemuende SF Ostsee"]
[BlackTeam "Rostock SSC 07 II"]
[WhiteTeamCountry "GER"]
[BlackTeamCountry "GER"]

1. e4 g6 2. Nf3 Bg7 3. d4 c6 4. Be2 d5 5. exd5 cxd5 6. 0-0 Nf6 7. Ne5 0-0 8. Nd2 Bf5 9. Ndf3 Nc6 10. c3 Qb6 11. Nxc6 bxc6 12. Bd3 Ne4 13. Re1 c5 14. dxc5 Qxc5 15. Be3 Qc7 16. Nd4 Bd7 17. Bxe4 dxe4 18. Bg5 e5 19. Nc2 Bc6 20. Nb4 h6 21. Be7 Qxe7 22. Nxc6 Qb7 23. Qd5 e3 24. Rxe3 Qxb2 25. Rf1 Qb7 26. c4 Rfe8 27. Rb3 Qc8 28. Rfb1 Qe6 29. Rb7 Bf8 30. Rxa7 Rxa7 31. Nxa7 Qxd5 32. cxd5 Rd8 33. Rd1 Ra8 34. Nc6 Rxa2 35. Nxe5 Bd6 36. Nd3 Ra5 37. g3 Rxd5 38. Nb2 1/2-1/2

[Event "Mecklenburg VP VL 1112"]
[Site "Mecklenburg VP"]
[Date "2011.12.11"]
[Round "4.5"]
[White "Hamann, Dirk"]
[Black "Valet, Richard"]
[Result "1/2-1/2"]
[WhiteElo "1900"]
[BlackElo "1903"]
[PlyCount "30"]
[EventDate "2011.10.02"]
[EventType "team-tourn"]
[EventRounds "9"]
[EventCountry "GER"]
[SourceTitle "EXT 2022"]
[Source "ChessBase"]
[SourceDate "2021.10.06"]
[SourceVersion "1"]
[SourceVersionDate "2021.10.06"]
[SourceQuality "1"]
[WhiteTeam "Warnemuende SF Ostsee"]
[BlackTeam "Greifswald II"]
[WhiteTeamCountry "GER"]
[BlackTeamCountry "GER"]

1. e4 c5 2. Nc3 Nc6 3. f4 g6 4. Nf3 Bg7 5. Bc4 e6 6. 0-0 Nge7 7. e5 d5 8. exd6 Nf5 9. Ne4 Nxd6 10. Nxd6+ Qxd6 11. d3 0-0 12. Rb1 Nd4 13. a4 Bd7 14. a5 b5 15. axb6 axb6 1/2-1/2

[Event "Mecklenburg VP VL 1112"]
[Site "Mecklenburg VP"]
[Date "2011.10.02"]
[Round "1.5"]
[White "Hamann, Dirk"]
[Black "Kunow, Frank"]
[Result "0-1"]
[WhiteElo "1900"]
[BlackElo "1903"]
[PlyCount "114"]
[EventDate "2011.10.02"]
[EventType "team-tourn"]
[EventRounds "9"]
[EventCountry "GER"]
[SourceTitle "EXT 2022"]
[Source "ChessBase"]
[SourceDate "2021.10.06"]
[SourceVersion "1"]
[SourceVersionDate "2021.10.06"]
[SourceQuality "1"]
[WhiteTeam "Warnemuende SF Ostsee"]
[BlackTeam "Neubrandenburg SG Eintracht"]
[WhiteTeamCountry "GER"]
[BlackTeamCountry "GER"]

1. e4 d5 2. exd5 Nf6 3. d4 Nxd5 4. Nf3 g6 5. Bc4 Bg7 6. 0-0 0-0 7. Re1 Nb6 8. Bb3 Bg4 9. c3 Nc6 10. Bf4 Na5 11. Nbd2 e6 12. h3 Bxf3 13. Nxf3 Nd5 14. Be5 Nf6 15. Rb1 b5 16. Bc2 Rb8 17. Qe2 Rb6 18. Nd2 Nc6 19. Ne4 b4 20. Bxf6 Bxf6 21. Nxf6+ Qxf6 22. Be4 bxc3 23. bxc3 Ne7 24. Qc4 Qf4 25. Qc5 Rxb1 26. Bxb1 Qd2 27. Rf1 Nd5 28. Qxa7 Qxc3 29. a4 Qc6 30. Be4 Ra8 31. Bxd5 Qxd5 32. Qxc7 Rxa4 33. Rb1 Rxd4 34. Rb8+ Kg7 35. Qc8 Rd1+ 36. Kh2 Qd6+ 37. g3 Kh6 38. Ra8 Rd2 39. Kg1 Qb4 40. Qc1 g5 41. Ra1 Qd4 42. Qe1 Rxf2 43. Qxf2 Qxa1+ 44. Kh2 Kg7 45. Qd2 h6 46. h4 gxh4 47. gxh4 Qe5+ 48. Kh3 Qf5+ 49. Kh2 e5 50. Qc3 Qf4+ 51. Kh3 h5 52. Qe1 f6 53. Kg2 e4 54. Kh1 e3 55. Qg3+ Qg4 56. Qxe3 Qxh4+ 57. Kg1 Qg5+ 0-1

[Event "Mecklenburg VP VL 1011"]
[Site "Mecklenburg VP"]
[Date "2011.02.27"]
[Round "7.3"]
[White "Hamann, Dirk"]
[Black "Ispirjan, Mikael"]
[Result "1-0"]
[WhiteElo "1908"]
[BlackElo "1750"]
[PlyCount "103"]
[EventDate "2010.10.10"]
[EventType "team-tourn"]
[EventRounds "9"]
[EventCountry "GER"]
[SourceTitle "EXT 2022"]
[Source "ChessBase"]
[SourceDate "2021.10.06"]
[SourceVersion "1"]
[SourceVersionDate "2021.10.06"]
[SourceQuality "1"]
[WhiteTeam "Warnemuende SF Ostsee"]
[BlackTeam "Torgelow Droegeheide"]
[WhiteTeamCountry "GER"]
[BlackTeamCountry "GER"]

1. e4 c6 2. d4 d5 3. Nc3 dxe4 4. Nxe4 Bf5 5. Ng3 Bg6 6. Nf3 Nd7 7. Bd3 Bxd3 8. Qxd3 e6 9. 0-0 Ngf6 10. Bg5 Be7 11. Rad1 h6 12. Bxf6 Nxf6 13. Ne5 0-0 14. Rfe1 c5 15. dxc5 Bxc5 16. Qb5 Qb6 17. Qxb6 Bxb6 18. Nd7 Nxd7 19. Rxd7 Rac8 20. c3 Rfd8 21. Red1 Rxd7 22. Rxd7 Rd8 23. Rxd8+ Bxd8 24. Ne4 Be7 25. f3 f5 26. Nd2 Kf8 27. Kf2 Bd6 28. h3 Ke7 29. Ke3 e5 30. Kd3 Ke6 31. Kc4 a6 32. a4 b6 33. b4 g5 34. g4 Be7 35. Kd3 Bd6 36. Nc4 Bc7 37. Ne3 f4 38. Nf5 h5 39. Ng7+ Kd6 40. Ne8+ Kc6 41. Nxc7 hxg4 42. hxg4 Kxc7 43. Ke4 Kd6 44. Kf5 Kd5 45. Kxg5 e4 46. Kxf4 exf3 47. Kxf3 Kc4 48. g5 Kxc3 49. b5 a5 50. g6 Kb4 51. Ke3 Kxa4 52. g7 1-0